=LDR 00000nam 2200000 4500 =001 INLIS000000000006584 =005 20251111110851 =035 ##$$a 0010-1125000458 =007 ta =008 251111###########################0#eng## =082 ##$$a 338.959 =084 ##$$a 338.959 SEA =245 ##$$a Seadag Report /$c Badan Koordinasi Keluarga Berencana Nasional =260 ##$$a Bali :$b Badan Koordinasi Keluarga Berencana Nasional =300 ##$$a 37 Hal : $b Ilus ; $c 21 =650 #4$$a Keluarga Berencana =856 ##$$a Perpustakaan Kemendukbangga